Современное гидрогенное образование кальцита на территории университетского родникового поля (г. Томск); Творчество юных - шаг в успешное будущее

Dades bibliogràfiques
Parent link:Творчество юных - шаг в успешное будущее.— 2014.— [С. 73-75]
Autor principal: Лашкивская Д. Е.
Autor corporatiu: Национальный исследовательский Томский политехнический университет (ТПУ) Институт природных ресурсов (ИПР) Кафедра гидрогеологии, инженерной геологии и гидрогеоэкологии (ГИГЭ)
Altres autors: Пшатова А. И. (научный руководитель), Дутова Е. М. Екатерина Матвеевна, Вологдина И. В.
Sumari:Заглавие с титульного экрана
Idioma:rus
Publicat: 2014
Col·lecció:Роль воды в развитии жизни Земли и формировании ее минеральных ресурсов
Matèries:
Accés en línia:http://www.lib.tpu.ru/fulltext/c/2015/C66/025.pdf
Format: MixedMaterials Electrònic Capítol de llibre
KOHA link:https://koha.lib.tpu.ru/cgi-bin/koha/opac-detail.pl?biblionumber=612441

MARC

LEADER 00000naa2a2200000 4500
001 612441
005 20260422144839.0
035 |a (RuTPU)RU\TPU\conf\10563 
035 |a RU\TPU\conf\10550 
090 |a 612441 
100 |a 20150616d2014 k y0rusy50 ca 
101 0 |a rus 
102 |a RU 
135 |a drcn ---uucaa 
181 0 |a i  
182 0 |a b 
200 1 |a Современное гидрогенное образование кальцита на территории университетского родникового поля (г. Томск)  |f Д. Е. Лашкивская, А. И. Пшатова  |g науч. рук. Е. М. Дутова, И. В. Вологдина 
203 |a Текст  |c электронный 
225 1 |a Роль воды в развитии жизни Земли и формировании ее минеральных ресурсов 
300 |a Заглавие с титульного экрана 
320 |a [Библиогр.: с. 75 (8 назв.)] 
337 |a Adobe Reader 
463 1 |0 (RuTPU)RU\TPU\conf\10372  |t Творчество юных - шаг в успешное будущее  |o материалы VII Всероссийской научной студенческой конференции с элементами научной школы имени профессора М.К. Коровина, г. Томск, 10-14 ноября 2014 г.  |f Национальный исследовательский Томский политехнический университет (ТПУ) ; под ред. А. Ю. Дмитриева  |v [С. 73-75]  |d 2014 
610 1 |a труды учёных ТПУ 
610 1 |a электронный ресурс 
610 1 |a гидрогенные процессы 
610 1 |a кальциты 
610 1 |a родниковые поля 
610 1 |a минералообразование 
610 1 |a родники 
610 1 |a Томск 
700 1 |a Лашкивская  |b Д. Е. 
701 1 |a Пшатова  |b А. И. 
702 1 |a Дутова  |b Е. М.  |c гидрогеолог  |c профессор Томского политехнического университета, доктор геолого-минералогических наук  |f 1956-  |g Екатерина Матвеевна  |4 727 
702 1 |a Вологдина  |b И. В.  |4 727 
712 0 2 |a Национальный исследовательский Томский политехнический университет (ТПУ)  |b Институт природных ресурсов (ИПР)  |b Кафедра гидрогеологии, инженерной геологии и гидрогеоэкологии (ГИГЭ)  |3 (RuTPU)RU\TPU\col\18664 
801 2 |a RU  |b 63413507  |c 20170412  |g RCR 
856 4 |u http://www.lib.tpu.ru/fulltext/c/2015/C66/025.pdf 
942 |c BK